00825nam a2200229 i 4500003000900000005001700009007000300026008004100029020001800070040003000088082003100118100004700149245011500196264003300311300002500344336002700369337003300396338002800429490002800457600005000485710006000535DO-SdBNP20250903092455.0ta240701s2024 dr 000 0 spa d a9789945250979 aDO-SdBNPbspacBNPHUerda a972.93053bP979i, 2024222 aPuigsubirá Miniño, Juan Enriqueeautor10aInmolación :bdiario de campaña de un soldado de la libertad /cJuan Enrique Puigsubira Miniño (Johnny). aSanto Domingo :bAGN,c2024. a80 páginasc22 cm. 2rdacontentatextobtxt 2rdamediaasin mediaciónbn 2rdacarrieravolumenbnc1 aCuadernos popularesv1210a Puigsubira Miniño, Juan Enriqued1931-19592 aArchivo General de la Nación (República Dominicana)